West Virginia State Quiz - Statistics

General Stats
  • This quiz has been taken 236 times
  • The average score is 7 of 14
Answer Stats
Hint Answer % Correct
Capital Charleston
100%
River Between WV an OH Ohio River
87%
Second largest city Huntington
84%
Fourth largest city Morgantown
75%
Above is on what river Kanawha River
68%
Third largest city Parkersburg
58%
Fifth largest city Wheeling
56%
Highest point Spruce Knob
54%
Above is on what river Monongahela River
33%
River between WV and KY Big Sandy River
29%
Above is in what mountain range? Allegheny Mountains
21%
Above is where what river meets #3 Little Kanawha River
14%
Above is where what river meets #3 Guyandotte River
12%
Longest tributary of #2 Elk River
11%
No matching quizzes found
Score Distribution
Percent of People with Each Score
Percentile by Number Answered
Your Score History
You have not taken this quiz